00850nam a22002777a 4500003000500000005001700005008004100022020003000063040002300093082001400116111003400130245003700164260004400201300005100245504001900296521001000315630001800325648001200343650004100355651001700396654003100413655002200444658004100466662003100507711003400538322820260319091900.0260317b sa ||||| |||| 00| 0 eng d a9780354 010298qHardcover aRDAbENGLISHc3228 0a387.7 RAM aBible Society of South Africa aThe safe airlinec J.M. Ramsden. aLondon : bMacdonald and Jane's,c1978. a viii, 231 pagesbColour illustrations:c25 cm aInclude Index. aAdult 0aScience world 0aKabbala 0aAir planes, military- flight testing 0aSouth Africa aAeronauticsvPopular works 0aAdult Non-Fiction aAir planes, military- flight testing aLondon (The Great Britain) aBible Society of South Africa